000
00495nam a2200181Ia 4500
008
090124s9999 xx 000 0 und d
082
_b
128320
100
_a
कर्णिक हेमन
245
_a
डेडली किलर
250
_a
1
260
_c
1998
300
_a
228
600
_a
कर्णिक हेमन
630
_a
डेडली किलर
700
_a
कर्णिक हेमन
730
_a
डेडली किलर
942
_c
BOOK
999
_c
174409
_d
174409